Minecraft Nether Fortress Loot- Sudden Death - Statistics

General Stats
  • This quiz has been taken 15 times
  • The average score is 6 of 13
Answers on the Grid
Answers color-coded by a green-red scale on the quiz's grid according to % correct below.
Block of gold
Book
Coal
Crying obsidian
Diamond
Diamond horse armor
Enchanted book
Ender pearl
Fire charge
Flint and steel
Gold ingot
Gold nugget
Golden chestplate
Golden helmet
Golden horse armor
Golden pickaxe
Golden sword
Iron chestplate
Iron horse armor
Iron ingot
Iron nugget
Leather horse armor
Lodestone
Nether bricks
Nether wart
Netherrack
Obsidian
Rib armor trim smithing template
Saddle
Soul sand
 
Answer Stats
Answer % Correct
Diamond horse armor
75%
Diamond
63%
Golden horse armor
63%
Gold ingot
63%
Flint and steel
50%
Saddle
50%
Golden chestplate
38%
Iron horse armor
38%
Iron ingot
38%
Nether wart
38%
Rib armor trim smithing template
38%
Golden sword
25%
Obsidian
25%
No matching quizzes found
Score Distribution
Percent of People with Each Score
Percentile by Number Answered
Your Score History
You have not taken this quiz